Diseño hidráulico de una planta de filtros lentos

Պահպանված է:
Մատենագիտական մանրամասներ
Հիմնական հեղինակ: Acosta Sandoval, Luis
Ձևաչափ: Անհայտ
Հրապարակվել է: [San José, Costa Rica] 1949
Խորագրեր:
Ցուցիչներ: Ավելացրեք ցուցիչ
Չկան պիտակներ, Եղեք առաջինը, ով նշում է այս գրառումը!

MARC

LEADER 00000 a2200000 4500
003 011116
005 20221231143806.0
008 140114s1949 cr a m 000 ||s d
040 |c cru CEDI 
090 |a TFG 147 
100 |a Acosta Sandoval, Luis  |9 17398 
245 |a Diseño hidráulico de una planta de filtros lentos 
260 |c 1949  |a [San José, Costa Rica] 
300 |a 90 hojas : gráficos (color), planos (plegables) ; 29 cm  
500 |a  Tesis (Ingeniero Civil) Universidad de Costa Rica.  
650 |x INGENIERÍA HIDRAÚLICA  |9 17399 
942 |c TFG 
999 |c 12049  |d 12049